<?xml version="1.0" encoding="UTF-8"?>
<collection xmlns="http://www.loc.gov/MARC21/slim">
 <record>
  <leader>01750nam a2200337   4500</leader>
  <controlfield tag="001">DLU180184430</controlfield>
  <controlfield tag="005">##20180416</controlfield>
  <datafield tag="020" ind1="#" ind2="#">
   <subfield code="a">9786047867028</subfield>
  </datafield>
  <datafield tag="040" ind1="#" ind2="#">
   <subfield code="a">DLU</subfield>
   <subfield code="b">vie</subfield>
  </datafield>
  <datafield tag="041" ind1="#" ind2="#">
   <subfield code="a">vie</subfield>
  </datafield>
  <datafield tag="044" ind1="#" ind2="#">
   <subfield code="a">vn</subfield>
  </datafield>
  <datafield tag="082" ind1="#" ind2="#">
   <subfield code="a">305.895 922</subfield>
   <subfield code="b">NG-N</subfield>
  </datafield>
  <datafield tag="100" ind1="#" ind2="#">
   <subfield code="a">Nguyễn Thị Minh Nguyệt.</subfield>
  </datafield>
  <datafield tag="245" ind1="#" ind2="#">
   <subfield code="a">Tri thức dân gian của người Chăm về dinh dưỡng phụ nữ giai đoạn mang thai, cho con bú :</subfield>
   <subfield code="b">Nghiên cứu ở tỉnh Tây Ninh /</subfield>
   <subfield code="c">Nguyễn Thị Minh Nguyệt.</subfield>
  </datafield>
  <datafield tag="260" ind1="#" ind2="#">
   <subfield code="a">H. :</subfield>
   <subfield code="b">Mỹ thuật,</subfield>
   <subfield code="c">2017.</subfield>
  </datafield>
  <datafield tag="300" ind1="#" ind2="#">
   <subfield code="a">232 tr. :</subfield>
   <subfield code="b">bảng biểu ;</subfield>
   <subfield code="c">21 cm.</subfield>
  </datafield>
  <datafield tag="504" ind1="#" ind2="#">
   <subfield code="a">Tài liệu tham khảo: tr. 188-204.</subfield>
  </datafield>
  <datafield tag="505" ind1="#" ind2="#">
   <subfield code="a">Chương 1. Khuynh hướng lý thuyết và cách tiếp cận trong nghiên cứu nhân học dinh dưỡng trên thế giới và ở Việt Nam -- Chương 2. Tổng quan nghiên cứu và khái quát về người Chăm ở Việt Nam và Tây Ninh -- Chương 3. Tri thức dân gian trong sử dụng thức ăn với dinh dưỡng của phụ nữ Chăm giai đoạn mang thai, cho con bú -- Chương 4. Tri thức dân gian trong sinh đẻ với dinh dưỡng của phụ nữ Chăm giai đoạn mang thai, cho con bú -- Chương 5. Các yếu tố xã hội tác động đến dinh dưỡng của phụ nữ Chăm giai đoạn mang thai, cho con bú.</subfield>
  </datafield>
  <datafield tag="650" ind1="#" ind2="#">
   <subfield code="a">Chăm (Dân tộc Đông Nam Á)</subfield>
   <subfield code="z">Việt Nam</subfield>
   <subfield code="z">Tây Ninh</subfield>
   <subfield code="x">Đời sống xã hội và tập quán.</subfield>
  </datafield>
  <datafield tag="650" ind1="#" ind2="#">
   <subfield code="a">Chăm (Dân tộc Đông Nam Á)</subfield>
   <subfield code="z">Việt Nam</subfield>
   <subfield code="z">Tây Ninh</subfield>
   <subfield code="x">Thực phẩm.</subfield>
  </datafield>
  <datafield tag="923" ind1="#" ind2="#">
   <subfield code="a">01/2018</subfield>
  </datafield>
  <datafield tag="991" ind1="#" ind2="#">
   <subfield code="a">SH</subfield>
  </datafield>
  <datafield tag="992" ind1="#" ind2="#">
   <subfield code="a">9000</subfield>
  </datafield>
  <datafield tag="994" ind1="#" ind2="#">
   <subfield code="a">DLU</subfield>
  </datafield>
  <datafield tag="900" ind1="#" ind2="#">
   <subfield code="a">True</subfield>
  </datafield>
  <datafield tag="911" ind1="#" ind2="#">
   <subfield code="a">Nguyễn Thanh Hương</subfield>
  </datafield>
  <datafield tag="925" ind1="#" ind2="#">
   <subfield code="a">G</subfield>
  </datafield>
  <datafield tag="926" ind1="#" ind2="#">
   <subfield code="a">A</subfield>
  </datafield>
  <datafield tag="927" ind1="#" ind2="#">
   <subfield code="a">SH</subfield>
  </datafield>
  <datafield tag="980" ind1="#" ind2="#">
   <subfield code="a">Thư viện Trường Đại học Đà Lạt</subfield>
  </datafield>
 </record>
</collection>
